01127nam a2200301 i 4500001001000000003000900010005001700019007000300036008004100039020001500080040003000095041000800125082002200133245003800155264003100193300004600224336002700270337003300297338002800330500017700358590002600535650004300561650004500604910000700649942001400656952013800670999001700808000021641DO-SdBNP20250319122211.0ta100909s2002 sp a 000 0 spa d a848055360X aDO-SdBNPbspacBNPHUerda aspa 4a382.03bD545c22200aDiccionario de comercio exterior. 4aMadrid :bCultural,c2002. a399 páginas :bilustracciones ;c28 cm. atextobtxt2rdacontent asin mediaciónbn2rdamedia avolumenbnc2rdacarrier aIntenta ayudar al lector en su andadura profesional en el campo de las instituciones, marketing, finanzas, informática y voces habituales en los negocios internacionales. aInventariado, 2024/DG 4aComercio exteriorvDiccionarios945020 4aComercio exteriorvTerminología945021 aDG 2ddccLBS1 00102ddc56708GR-RaBNPHUbBNPHUcHDd2010-09-09l0oBNPHU GR-R 382.03 D545cp21641-10r2020-06-25w2020-06-25yLBS1ZNo se presta c21140d21140